Dopady vzdělávácích metod na výsledky a sociálně-emoční schopnosti žáků: klasika vs. moderna /

Hlavní autor: Korbel, Václav
Korporativní autor: Institut pro demokracii a ekonomickou analýzu (projekt)
Další autoři: Paulus, Michal
Jazyk: Čeština
Vydáno: Praha : Národohospodářský ústav AV ČR, v.v.i., 2017
Edice: Studie (Institut pro demokracii a ekonomickou analýzu)
Témata:
Fyzický popis: 18 stran : barevné ilustrace ; 30 cm
Language note: České a anglické resumé
Knihy
Uloženo v:
LEADER 02264nam a2200601 i 4500
001 nkc20182971677
003 CZ PrNK
005 20240426083253.0
007 ta
008 180323s2017 xr a e 000 0 cze
015 |a cnb002971677 
020 |a 978-80-7344-443-3  |q (brožováno) 
035 |a (OCoLC)1035472074 
040 |a ABA001  |b cze  |e rda 
041 0 |a cze  |b cze  |b eng 
043 |a e-xr--- 
072 7 |a 37.09  |x Organizace výuky a vzdělávání  |2 Konspekt  |9 22 
080 |a 373.3  |2 MRF 
080 |a 37.091.3  |2 MRF 
080 |a 316.613  |2 MRF 
080 |a 37.091.212.7-026.18  |2 MRF 
080 |a (437.3)  |2 MRF 
080 |a (048.8)  |2 MRF 
100 1 |a Korbel, Václav  |7 pna2017968344  |4 aut 
245 1 0 |a Dopady vzdělávácích metod na výsledky a sociálně-emoční schopnosti žáků: klasika vs. moderna /  |c Václav Korbel a Michal Paulus 
264 1 |a Praha :  |b Národohospodářský ústav AV ČR, v.v.i.,  |c 2017 
300 |a 18 stran :  |b barevné ilustrace ;  |c 30 cm 
336 |a text  |b txt  |2 rdacontent 
337 |a bez média  |b n  |2 rdamedia 
338 |a svazek  |b nc  |2 rdacarrier 
490 1 |a Studie ;  |v 16/2017 
500 |a Název z obálky 
500 |a Nad názvem: Institut pro demokracii a ekonomickou analýzu, projekt Národohospodářského ústavu AV ČR, v.v.i. 
504 |a Obsahuje bibliografie 
546 |a České a anglické resumé 
650 0 7 |a základní školy  |7 ph116795  |z Česko  |2 czenas 
650 0 7 |a vyučovací metody  |7 ph127294  |2 czenas 
650 0 7 |a měkké dovednosti  |7 ph944535  |2 czenas 
650 0 7 |a školní úspěšnost  |7 ph307576  |2 czenas 
650 0 9 |a elementary schools  |z Czechia  |2 eczenas 
650 0 9 |a teaching methods  |2 eczenas 
650 0 9 |a soft skills  |2 eczenas 
650 0 9 |a school success  |2 eczenas 
655 7 |a studie  |7 fd133597  |2 czenas 
655 9 |a studies  |2 eczenas 
700 1 |a Paulus, Michal  |7 jo2015872515  |4 aut 
710 2 |a Institut pro demokracii a ekonomickou analýzu (projekt)  |7 pna2010602816  |4 aut 
830 0 |a Studie (Institut pro demokracii a ekonomickou analýzu)  |0 s 
910 2 |a BOA001  |b 4-1406.386 
990 |a BK 
995 |a 01 
991 |b 201804  |c NOV 
996 6 |b 2610740859  |c 4-1406.386  |l MZK  |r Sklad / do 1 hodiny  |n 2  |p p.v.  |w 001660757  |u 000010  |a 1  |e BOA001  |j MZK50  |s P